000 00689nam a2200229Ia 4500
003 OSt
005 20220923213425.0
006 a|||||r|||| 00| 0
007 ta
008 220922b |||||||| |||| 00| 0 hin d
024 _a161,858
037 _cTextual
040 _aARTS
_cARTS
_bhin
041 _2hin
_ahin
082 _aO152:3M80x, J8
100 _aप्रेमचंद
_9156277
245 0 _aमोटेराम शास्त्री और अन्य कहानियां
246 _aMoṭerām shāstrī aur anya kahāniyāan
260 _c1958
942 _hO152:3M80x, J8
_cTEXL
_2CC
999 _c316405
_d316405